[Event "Barcelona 150 aniversity 6"]
[Site "Barcelona"]
[Date "2019.06.14"]
[Round "8.5"]
[White "Morales Rubiella, Albert"]
[Black "Shenkel, Alberto"]
[Result "1-0"]
[WhiteElo "1455"]
[BlackElo "1259"]
[PlyCount "97"]
[EventDate "2019.04.26"]
[EventType "swiss"]
[EventRounds "9"]
[EventCountry "ESP"]
[SourceTitle "EXT 2024"]
[Source "ChessBase"]
[SourceDate "2023.10.10"]
[SourceVersion "1"]
[SourceVersionDate "2023.10.10"]
[SourceQuality "1"]

1. d4 d5 2. Nf3 e6 3. c4 Bb4+ 4. Nc3 dxc4 5. Qa4+ Nc6 6. e3 Bd7 7. Bxc4 a6 8. Qc2 Na5 9. Bd3 Nf6 10. 0-0 Bd6 11. Ne4 g6 12. Nxd6+ cxd6 13. Bd2 Nc6 14. Rac1 Rc8 15. Qb3 b5 16. Rc2 d5 17. Rfc1 Ne7 18. Ne5 Rxc2 19. Qxc2 0-0 20. Bb4 Re8 21. Qc7 Qc8 22. Bxe7 Qxc7 23. Rxc7 Rxe7 24. Ra7 Kf8 25. Rxa6 Ne8 26. Nxd7+ Rxd7 27. Bxb5 Rb7 28. a4 Nc7 29. Ra5 Ke7 30. Kf1 Kd6 31. Ke2 e5 32. Kd3 exd4 33. exd4 Ne6 34. Ra6+ Ke7 35. g3 Nc7 36. Ra5 Ke6 37. Kc3 Rb6 38. Bd3 Ke7 39. b4 Kd8 40. Ra7 Rc6+ 41. Kd2 Rf6 42. Ke2 Re6+ 43. Kf1 f5 44. Rb7 Rc6 45. b5 Rc3 46. b6 Rxd3 47. Rxc7 Ke8 48. b7 Rxd4 49. b8Q# 1-0

[Event "Barcelona 150 aniversity 6"]
[Site "Barcelona"]
[Date "2019.05.17"]
[Round "4.3"]
[White "Bermejo Cuadra, Robert"]
[Black "Shenkel, Alberto"]
[Result "0-1"]
[WhiteElo "1214"]
[BlackElo "1259"]
[PlyCount "112"]
[EventDate "2019.04.26"]
[EventType "swiss"]
[EventRounds "9"]
[EventCountry "ESP"]
[SourceTitle "EXT 2024"]
[Source "ChessBase"]
[SourceDate "2023.10.10"]
[SourceVersion "1"]
[SourceVersionDate "2023.10.10"]
[SourceQuality "1"]

1. Nf3 e6 2. e3 Nf6 3. Nc3 Bb4 4. d3 Nd5 5. Bd2 Qf6 6. d4 Nxc3 7. bxc3 Bd6 8. c4 c5 9. Bc3 Qg6 10. Qd3 Qxd3 11. Bxd3 cxd4 12. exd4 0-0 13. c5 Be7 14. 0-0 Bf6 15. Bb4 Nc6 16. c3 a5 17. Ba3 Re8 18. Rfe1 Ne7 19. Bc1 Nd5 20. c4 Nb4 21. Bb1 Nc6 22. Bb2 a4 23. a3 Na5 24. Bd3 Ra6 25. Rab1 d6 26. d5 Bxb2 27. Rxb2 e5 28. cxd6 Rxd6 29. Rxe5 Rxe5 30. Nxe5 f6 31. Nf3 Nb3 32. Re2 Kf7 33. Bc2 b5 34. Bxb3 axb3 35. cxb5 Rxd5 36. h3 Rxb5 37. Nd4 Rb6 38. Rb2 Be6 39. f4 f5 40. g4 fxg4 41. f5 Bd5 42. hxg4 Kf6 43. Kf2 Ke5 44. Nf3+ Bxf3 45. Kxf3 Kd4 46. Ke2 Kc3 47. Rd2 b2 48. Rd3+ Kc2 49. Rd2+ Kb1 50. Rd1+ Ka2 51. Rd2 Kxa3 52. Rd3+ Rb3 53. Rd7 b1Q 54. Ra7+ Kb2 55. Rxg7 Qc2+ 56. Kf1 Rf3+ 0-1

[Event "Barcelona 150 aniversity 6"]
[Site "Barcelona"]
[Date "2019.05.10"]
[Round "3.4"]
[White "Shenkel, Alberto"]
[Black "Castillo Rosa, Jose Luis"]
[Result "0-1"]
[WhiteElo "1259"]
[BlackElo "1613"]
[PlyCount "110"]
[EventDate "2019.04.26"]
[EventType "swiss"]
[EventRounds "9"]
[EventCountry "ESP"]
[SourceTitle "EXT 2024"]
[Source "ChessBase"]
[SourceDate "2023.10.10"]
[SourceVersion "1"]
[SourceVersionDate "2023.10.10"]
[SourceQuality "1"]

1. e4 c5 2. Nf3 e6 3. Bc4 a6 4. Nc3 Nc6 5. d4 b5 6. Be2 cxd4 7. Nxd4 Bb7 8. Bf3 Ne5 9. Bf4 Ng6 10. Bd2 Nf6 11. a3 Be7 12. 0-0 Ne5 13. Re1 Qc7 14. Bf4 Bd6 15. Bxe5 Bxe5 16. Kh1 h5 17. Nce2 Ng4 18. Bxg4 hxg4 19. g3 0-0-0 20. Qd3 f5 21. Qc3 Bxe4+ 22. Kg1 Rxh2 23. Qxc7+ Kxc7 24. f3 Rdh8 25. fxe4 Rh1+ 26. Kf2 R1h2+ 27. Ke3 R8h3 28. Kd2 Bxd4 29. Kd1 Be3 30. c3 Rxg3 31. Kc2 Rgg2 32. Kd3 f4 33. b3 Bd2 34. Kxd2 f3 35. Ke3 Rxe2+ 36. Kf4 Rxe1 37. Rxe1 Re2 38. Rf1 Rg2 39. Ke3 g5 40. Rf2 Rxf2 41. Kxf2 d5 42. e5 Kc6 43. b4 d4 44. cxd4 Kd5 45. Ke3 f2 46. Kxf2 Kxd4 47. Kg3 Kxe5 48. Kxg4 Kf6 49. Kf3 Kf5 50. Kf2 Kf4 51. Kg2 Kg4 52. Kf2 Kh3 53. Kg1 Kg3 54. Kf1 Kh2 55. Kf2 g4 0-1

[Event "Barcelona Tres Peons-F 47th"]
[Site "Barcelona"]
[Date "2018.05.18"]
[Round "4.1"]
[White "Cervera Alemany, Serafin"]
[Black "Shenkel, Alberto"]
[Result "1-0"]
[WhiteElo "1460"]
[BlackElo "1696"]
[PlyCount "129"]
[EventDate "2018.04.27"]
[EventType "tourn"]
[EventRounds "9"]
[EventCountry "ESP"]
[SourceTitle "EXT 2024"]
[Source "ChessBase"]
[SourceDate "2023.10.10"]
[SourceVersion "1"]
[SourceVersionDate "2023.10.10"]
[SourceQuality "1"]

1. d4 d5 2. c4 dxc4 3. Nf3 Nf6 4. e3 e6 5. Bxc4 Bb4+ 6. Bd2 Bxd2+ 7. Qxd2 0-0 8. 0-0 Nc6 9. Nc3 Bd7 10. a3 Na5 11. Qe2 Nxc4 12. Qxc4 Bc6 13. Ne5 Bd5 14. Nxd5 exd5 15. Qc2 Nd7 16. Nxd7 Qxd7 17. b4 c6 18. a4 Qd6 19. Qc5 Qxc5 20. bxc5 b6 21. cxb6 axb6 22. Rfc1 Rfc8 23. f3 h6 24. e4 dxe4 25. fxe4 f6 26. Kf2 Kf7 27. Kf3 Ke6 28. h4 Ra5 29. d5+ Kd6 30. dxc6 Rxc6 31. Rd1+ Kc7 32. Rac1 Rxc1 33. Rxc1+ Kd6 34. Rc4 Rc5 35. Rb4 Rc6 36. Rb5 Kc7 37. a5 bxa5 38. Rxa5 Kd6 39. Kf4 Ke6 40. g4 g5+ 41. hxg5 fxg5+ 42. Ke3 Rc3+ 43. Kf2 Rh3 44. Kg2 Rh4 45. Kg3 Kf6 46. Rf5+ Ke6 47. Rb5 Rh1 48. Kf2 Rd1 49. Ke2 Rd6 50. Ke3 Kf7 51. e5 Rd1 52. Ke4 Rf1 53. Rb7+ Ke8 54. Rh7 Rf4+ 55. Kd5 Rxg4 56. Ke6 Kd8 57. Rxh6 Rh4 58. Rg6 Rg4 59. Kf5 Rg1 60. Rxg5 Rf1+ 61. Ke6 Rf8 62. Kd6 Re8 63. e6 Kc8 64. Rc5+ Kd8 65. Ra5 1-0

[Event "Barcelona Tres Peons-F 47th"]
[Site "Barcelona"]
[Date "2018.05.04"]
[Round "2.2"]
[White "Shenkel, Alberto"]
[Black "Elsener, Nicoletta"]
[Result "1-0"]
[WhiteElo "1696"]
[BlackElo "1700"]
[PlyCount "69"]
[EventDate "2018.04.27"]
[EventType "tourn"]
[EventRounds "9"]
[EventCountry "ESP"]
[SourceTitle "EXT 2024"]
[Source "ChessBase"]
[SourceDate "2023.10.10"]
[SourceVersion "1"]
[SourceVersionDate "2023.10.10"]
[SourceQuality "1"]

1. e4 e5 2. Nf3 Nc6 3. Bd3 Nf6 4. 0-0 Be7 5. Nc3 0-0 6. Nd5 Nxd5 7. exd5 Nb4 8. Nxe5 Nxd3 9. Nxd3 d6 10. Nf4 Bg5 11. d3 Bxf4 12. Bxf4 Re8 13. Qd2 h6 14. c4 b6 15. b3 Bb7 16. a4 a5 17. Rfe1 Qd7 18. Rxe8+ Rxe8 19. h3 Re7 20. Re1 Rxe1+ 21. Qxe1 Bc8 22. f3 Qd8 23. Qg3 Qf6 24. Be3 Qf5 25. Bxh6 Qg6 26. Qxg6 fxg6 27. Bg5 Bf5 28. Bd8 Bxd3 29. Bxc7 Bc2 30. Bxd6 Kf7 31. Bc7 Bxb3 32. d6 Bxc4 33. d7 b5 34. axb5 Bxb5 35. d8Q 1-0